| 000 | 00775nam a2200205 a 4500 | ||
|---|---|---|---|
| 001 | 000042380 | ||
| 005 | 20201002040122.0 | ||
| 008 | 131127s1967 sp 000 0 spa d | ||
| 040 |
_aDO-SdBNP _bspa _cBNPHU |
||
| 082 |
_axxxx _bxxxx |
||
| 100 | 1 |
_aLivio, Tito _943449 |
|
| 245 | 1 | 0 |
_aAB Urbe Condita; libro xxii : _btexto latino con dos traducciones, una literal y otra literaria y vocabulario de nombres históricos, geográficos y arqueológicos / _cSebastian Mariner Bigorra. |
| 260 |
_aMadrid : _bGredos, _c[1967]. |
||
| 300 |
_a273 p. ; _c17 cm. |
||
| 490 | 1 | _aGredos bilingüe | |
| 490 | 1 |
_aClásicos gredos _atextos escolares |
|
| 700 | 1 | 2 |
_aMariner Bigorra, Sebastian _969470 |
| 830 | 0 |
_aClásicos gredos _ptextos escolares _969471 |
|
| 830 | 0 |
_aGredos bilingüe _969472 |
|
| 999 |
_c41869 _d41869 |
||